| 000 | 00489nam a2200169Ia 4500 | ||
|---|---|---|---|
| 999 |
_c28922 _d28922 |
||
| 003 | OSt | ||
| 005 | 20201127104052.0 | ||
| 008 | 190216s9999||||xx |||||||||||||| ||und|| | ||
| 040 | _coclc | ||
| 082 |
_a894.8123 _bSIV/R |
||
| 100 |
_aSivakumar, Ettumanoor _96770 |
||
| 245 | 0 |
_aRaktharakshassu / _cEttumanoor Sivakumar |
|
| 260 |
_bOrient Publishers, _aKozhikode: _c2007. |
||
| 300 | _a143p | ||
| 650 | _aNovel | ||
| 942 |
_cBK _2ddc _h894.8123 _iSIV/R _k894.8123 _mSIV/R |
||